000 00485nam a2200145Ia 4500
008 090124s9999 xx 000 0 und d
082 _b2416
245 _a भारतीय मध्ययुगीन चरित्रकोश
250 _a0
260 _c1937
300 _a848
630 _a भारतीय मध्ययुगीन चरित्रकोश
730 _a भारतीय मध्ययुगीन चरित्रकोश
942 _cBOOK
999 _c82560
_d82560